1149 1739 1427 1884 1461 1208 1152 1957 1738 1309 1925 1909 1743 1958 1226 1107 1176 1273 1738 1705 1388 1174 1707 1156 1054 1314 1045 1834 1687 1820 1343 1288 1774 1124 1718 1709 1742 1647 1014 1893 1269 1046 1430 1102 1672 1029 1850 1535 1878 1134 1488 1702 1727 1678 1152 1809 1779 1736 1736 1325 1760 1422 1671 1232 1616 1144 1209 1333 1194 1677 1583 1768 1340 1570 1342 1483 1249 1712 1862 1469 1311 1581 1460 1457 1927 1001 1619 1871 1273 1035 1336 1717 1422 1506 1372 1761 1589 1203 1257 BCNSPRNW ULIB Ver.6.0+V

เปลี่ยนเป็นภาษาไทย

Change to English
 แสดงรายละเอียดบรรณานุกรม
  กลับหน้าหลัก

Brief Record : Get Marc (ISO 2709) : E-mail record : QR code < ปิดหน้าต่าง
LEADER : 00000nam 2200000uu 4500
001    13399125075
003     ULIB
008    160610s2558||||th 000 0 tha d
020    ^a9786162234798
060 04 ^aWB100^bก425อ
100 0  ^aกาญจนา จันทร์สูง,^eบรรณาธิการ
245 00 ^aอาการวิทยาทางอายุรศาสตร์ =^bSymptomatology in generalmedicine. /^cบรรณาธิการ, กาญจนา จันทร์สูง และ ประณิธิ หงสประภาส
246 31 ^aSymptomatology in general medicine.
250    ^aพิมพ์ครั้งที่ 3
260    ^aขอนแก่น :^bคณะแพทยศาสตร์ มหาวิทยาลัยขอนแก่น,^c2558
300    ^a510 หน้า :^bภาพประกอบ
504    ^aบรรณานุกรม
650  4 ^aอายุรศาสตร์^vรวมเรื่อง
650  0 ^aการพยาบาลผู้ใหญ่
700 0  ^aประณิธิ หงสประภาส,^eบรรณาธิการ
710 2  ^aมหาวิทยาลัยขอนแก่น. ^bคณะแพทยศาสตร์
945    ^p500^l0^i001270
945    ^p500^l0^i001271
945    ^p500^l0^i001272
999    ^aเกษร โพธิ์สุวรรณ
รายการนี้ยังไม่มีแท็ก
คุณยังไม่ได้ล็อกอิน คุณสามารถมีกิจกรรมร่วมกับเว็บไซต์ได้ แต่ต้องล็อกอินก่อน ::
  ล็อกอิน

รายการสื่อสารสนเทศ

ลำดับที่ ประเภท เลขเรียก/บาร์โค้ด สถานที่ สถานะ
1. วิทยาศาสตร์การแพทย์ และสุขภาพ
วิทยาศาสตร์การแพทย์ และสุขภาพ
สถานะ=หนังสือเก่า
WB100 ก425อ ฉ.1 
  Barcode: 001270
ห้องสมุดวิทยาเขตสวรรค์ประชารักษ์
►ส่วนจัดเก็บหนังสือเก่า สปร
บนชั้น
  ขอยืม
2. วิทยาศาสตร์การแพทย์ และสุขภาพ
วิทยาศาสตร์การแพทย์ และสุขภาพ
สถานะ=หนังสือเก่า
WB100 ก425อ ฉ.2 
  Barcode: 001271
ห้องสมุดวิทยาเขตสวรรค์ประชารักษ์
►ส่วนจัดเก็บหนังสือเก่า สปร
บนชั้น
  ขอยืม
3. วิทยาศาสตร์การแพทย์ และสุขภาพ
วิทยาศาสตร์การแพทย์ และสุขภาพ
สถานะ=หนังสือเก่า
WB100 ก425อ ฉ.3 
  Barcode: 001272
ห้องสมุดวิทยาเขตสวรรค์ประชารักษ์
►ส่วนจัดเก็บหนังสือเก่า สปร
บนชั้น
  ขอยืม

รายการใกล้เคียง
    หัวเรื่อง [การพยาบาลผู้ใหญ่]

BibComment


ยังไม่เคยถูกคอมเมนท์

คอมเมนท์ทรัพยากรรายการนี้
  คอมเมนท์: อาการวิทยาทางอาย..


 Copyright 2026. Bcnsprnw @Library